[Event "11th A.Margaryan Memorial 2021"]
[Site "Yerevan"]
[Date "2021.01.14"]
[Round "6.1"]
[White "Barseghyan, Armen Ar."]
[Black "Mikaelyan, Arman"]
[Result "1/2-1/2"]
[WhiteElo "2362"]
[BlackElo "2485"]
[Annotator "TA"]
[PlyCount "109"]
[EventDate "2021.01.09"]
[EventType "tourn"]
[EventCountry "ARM"]
[SourceTitle "playchess.com"]
[Source "ChessBase"]
[SourceQuality "1"]

{[%evp 12,109,28,10,12,-3,5,3,26,15,32,35,27,35,44,58,43,32,32,40,67,41,43,0,0,0,-2,-8,-8,-58,26,29,25,5,26,0,46,45,55,22,29,13,23,11,24,0,56,38,45,45,176,113,131,114,137,137,113,140,130,122,200,181,166,181,173,175,178,132,152,115,124,124,151,150,150,125,162,140,314,305,277,0,0,0,394,367,381,361,361,360,293,37,30,0,0,0,34,0,0,-366]} 1. Nf3 g6 2. g3 Bg7 3. c4 c5 4. Bg2 Nc6 5. Nc3 d6 6. O-O Nh6 {6...e6 is the modern continuation.} 7. d3 Nf5 {A37: Symmetrical English vs ...g6: 4 Bg2 Bg7 5 Nf3.} 8. Bd2 h5 9. h3 Bd7 10. Rb1 {[#]} Nfd4 $146 ({Predecessor:} 10... Qc8 11. Kh2 Ncd4 12. Ng5 Ne6 13. Nxe6 fxe6 14. b4 cxb4 15. Rxb4 Bc6 16. Bxc6+ bxc6 {1-0 (46) Kostic,V (2395)-Micic,C (2408) Budva 2003}) 11. Ne1 Qc8 12. Kh2 Be5 13. f4 Bg7 14. e3 Nf5 15. a3 g5 16. Ne4 gxf4 17. exf4 Ncd4 18. Nf3 Bc6 19. b4 b6 20. bxc5 bxc5 ({Black should play} 20... dxc5 $15 21. Ne5 Bxe5 22. fxe5 Qe6) 21. Nxd4 Bxd4 22. Re1 Kf8 23. Qe2 Rh6 24. Ng5 Bf6 25. Bxc6 (25. Be4 {feels hotter.} Bxe4 26. Qxe4 Kg8 27. Rb7 Bxg5 28. Rc7) 25... Qxc6 26. Qe4 (26. Qg2 {looks sharper.} Qxg2+ 27. Kxg2 Kg7 28. Rb7 Rd8 29. Ba5) 26... Qxe4 27. Nxe4 Bd4 28. Kg2 Kg7 (28... f6 $11) 29. Rb7 $14 Rg6 30. Kf3 Kh6 {[#]} (30... d5 $14 31. cxd5 Rd8) 31. g4 ({White should try} 31. Ng5 $1 $18 Bf6 32. Nxf7+ Kg7 33. Ng5) 31... hxg4+ 32. hxg4 Nh4+ 33. Kg3 Nf5+ 34. Kh3 Kg7 {[#] ...Rh8+ is the strong threat.} 35. Ng5 $1 Rh8+ (35... Rh6+ $16 36. Kg2 Nh4+ 37. Kg3 Ng6) 36. Kg2 $18 Nh4+ 37. Kg3 Rxg5 38. fxg5 Ng6 39. Bf4 a5 40. Rbb1 a4 41. Rh1 Re8 42. Kf3 Rd8 43. Bg3 Bc3 44. Rb5 d5 $2 (44... Bd2 $16 {was worth a try.} 45. Rd1 Bc3) 45. Rxc5 dxc4 46. dxc4 (46. Rd1 $18) 46... Rd3+ $11 47. Kg2 Bd4 $2 {[%mdl 8192]} (47... Rd2+ $11 {and Black has nothing to worry.} 48. Kh3 Rd3) 48. Rd5 $18 e5 49. Rf1 Rxa3 50. Rd7 Nh8 51. Rb1 $2 (51. g6 $18 {[%cal Rg6f7]} Ra2+ 52. Kf3 Nxg6 53. Ke4 Re2+ 54. Kd5) 51... Ra2+ $14 52. Kf3 {aiming for Rxd4!} Ra3+ 53. Kg2 {Strongly threatening Rxd4.} Ra2+ 54. Kf3 {And now Rxd4! would win.} Ra3+ 55. Ke4 $2 {[%mdl 40960] Weighted Error Value: White=0.24/Black=0.33. An unexpected result.} (55. Kg2 $11 Ra2+) 1/2-1/2

[Event "11th A.Margaryan Memorial 2021"]
[Site "Yerevan"]
[Date "2021.01.14"]
[Round "6.2"]
[White "Gharibyan, Mamikon"]
[Black "Daneshvar, Bardiya"]
[Result "1-0"]
[WhiteElo "2432"]
[BlackElo "2399"]
[Annotator "TA"]
[PlyCount "119"]
[EventDate "2021.01.09"]
[EventType "tourn"]
[EventCountry "ARM"]
[SourceTitle "playchess.com"]
[Source "ChessBase"]
[SourceQuality "1"]

{[%evp 13,119,25,21,24,33,25,27,4,17,-2,0,0,0,-43,-31,-29,33,28,58,20,28,10,26,28,20,34,34,37,60,54,48,50,56,52,54,56,63,62,53,67,70,41,56,13,100,108,102,99,98,101,91,92,108,105,102,104,102,105,131,114,138,132,128,134,170,132,134,109,110,102,108,107,108,103,117,99,231,109,250,238,616,608,587,553,490,486,1797,283,1720,1289,12833,12833,12834,12835,12835,12835,12836,12836,12837,12837,12837,12838,12841,12841,12841,12839,12842,12841]} 1. d4 d5 2. c4 c6 3. Nf3 Nf6 4. e3 Bg4 5. h3 Bh5 6. Nc3 e6 7. g4 Bg6 8. Ne5 {D11: Slav Defence: 3 Nf3 sidelines and 3...Nf6 4 e3 Bg4.} Nbd7 9. Nxg6 hxg6 10. Bd2 {White has an edge.} g5 11. a3 Bd6 12. Qf3 Qe7 {[#]} 13. Bd3 $146 ({Predecessor:} 13. O-O-O O-O-O 14. Kb1 Kb8 15. e4 dxe4 16. Nxe4 Nxe4 17. Qxe4 Qf6 18. Be3 Bf4 19. Bg2 {½-½ (47) Inarkiev,E (2688)-Mamedyarov,S (2757) Sochi 2014}) 13... e5 14. Qe2 e4 (14... dxc4 $11 15. Bxc4 Nb6) 15. Bc2 $14 a6 16. c5 Bc7 17. f3 exf3 18. Qxf3 b6 19. cxb6 Nxb6 20. Bd3 Nc8 21. O-O-O Nd6 22. e4 dxe4 {[#]} 23. Nxe4 Nfxe4 24. Bxe4 Nxe4 (24... Qxe4 $2 25. Rhe1 $18) 25. Rde1 O-O 26. Rxe4 Qf6 27. Qe2 {Strongly threatening h4!} Bf4 28. h4 Qh6 (28... Bxd2+ $1 $11 29. Qxd2 Qf3) 29. Bxf4 $16 gxf4 30. g5 $36 {[%mdl 2048] Keeping Black busy.} Qd6 31. Rf1 c5 32. Rfxf4 Rac8 {White must now prevent ...cxd4+.} 33. dxc5 Rxc5+ 34. Kb1 Rd5 35. Rf2 Rd1+ 36. Ka2 Rc1 37. Qd2 Qc6 38. Qd3 Rh1 39. Qc4 Qg6 40. Qd5 Rb8 41. Rd2 Kh7 42. Rde2 Rb5 43. Qc4 Rb6 44. Rf2 Rb7 {[#]} (44... Rc6 $16 45. Qd3 Re6) 45. Qc2 (45. h5 $1 $18 {[%cal Rh5g6]} Rxh5 46. Ree2) 45... Rc7 {[#]} 46. h5 $1 $18 {[%cal Rh5g6]} Rxh5 (46... Qf5 47. Qd3 (47. Rxf5 Rxc2 48. h6 gxh6 $16) (47. Qxc7 Qxe4 48. Qd7 Qb1+ 49. Kb3 Rxh5 $11) 47... Rd7) 47. Qxc7 Qxe4 48. Qxf7 {[%mdl 4096] Endgame KQR-KQR} Qg6 49. Qf5 Rh4 (49... a5 $142 50. Qxa5 Qe6+ 51. b3 Kg6) 50. Rf3 $2 (50. b4 Qxf5 51. Rxf5) 50... Qxf5 $2 (50... a5 51. Qxa5 Qe6+ 52. Rb3 Kg6) 51. Rxf5 {KR-KR. White is clearly winning.} Re4 52. Ra5 Re6 53. b4 Kg6 54. Kb3 Kf7 55. Ka4 Ke7 56. Rc5 Kd7 57. Ka5 Rd6 58. a4 Re6 59. Rf5 Kc8 60. Rf8+ {Weighted Error Value: White=0.29/Black=0.32} 1-0

[Event "11th A.Margaryan Memorial 2021"]
[Site "Yerevan"]
[Date "2021.01.14"]
[Round "6.3"]
[White "Lobanov, Sergei"]
[Black "Hayrapetyan, Hovik"]
[Result "0-1"]
[WhiteElo "2510"]
[BlackElo "2488"]
[Annotator "TA"]
[PlyCount "98"]
[EventDate "2021.01.09"]
[EventType "tourn"]
[EventCountry "ARM"]
[SourceTitle "playchess.com"]
[Source "ChessBase"]
[SourceQuality "1"]

{[%evp 11,98,21,43,22,12,34,36,25,54,37,38,33,60,0,42,21,49,0,0,0,0,-81,-89,-217,-209,-233,-225,-271,-262,-298,-291,-272,-123,-121,-121,-127,-122,-131,9,-131,-130,-127,-127,-268,-264,-254,-254,-262,-268,-250,-250,-255,-247,-312,-306,-277,-238,-284,-274,-284,-284,-483,-450,-481,-464,-464,-454,-477,-464,-491,-411,-401,-393,-456,-455,-712,-712,-29978,-29979,-29979,-29980,-29980,-29981,-29981,-29982,-29971,-29980,-29979,-29980]} 1. e4 c5 2. Nf3 e6 3. d4 cxd4 4. Nxd4 Nc6 5. Nc3 Qc7 6. Be3 a6 7. Qf3 {is the new trend. B48: Sicilian: Taimanov: 5 Nc3 Qc7 6 Be3 a6 without Be2.} Nf6 8. O-O-O Be7 9. Be2 {White is slightly better.} O-O 10. g4 d6 11. g5 {aiming for Nxc6.} Nd7 12. h4 (12. g6 $14 hxg6 13. h4) 12... Nxd4 (12... b5 {keeps more tension.} 13. a3 Nc5 14. Kb1 Bb7 15. Qg4 Rac8) 13. Rxd4 b5 {[%cal Bb7b5,Bb5b4][%mdl 32] [#]} 14. Qg3 $146 ({Predecessor:} 14. h5 Bb7 15. Qh3 Nc5 16. Bg4 Rac8 17. g6 f5 18. exf5 Bxh1 19. Qxh1 h6 20. fxe6 {1-0 (32) Nakar,E (2419)-Boyer Censore,G (1960) Caleta 2015}) 14... Bb7 15. Rhd1 Rac8 16. f4 (16. a3 $11) 16... Qa5 $1 $17 17. Bd2 (17. Bf3 $17) 17... b4 $19 18. Nb1 d5 (18... Qxa2 19. Bxb4 Nc5 20. Bxc5 $11) 19. e5 Rc7 {Strongly threatening ...Rfc8.} (19... Qxa2 20. Bxb4 Nc5 21. R1d3 $19) 20. Qb3 {[%cal Rd2b4]} Nc5 (20... Rfc8 21. Na3 $19) 21. Qa3 {[#]} Rfc8 $1 {[%mdl 512]} 22. Bxb4 $17 {[#]} (22. Qxa5 $2 {leads to mate.} Nb3+ $1 {[%mdl 512]} 23. axb3 Rxc2#) 22... Nb3+ $40 {[%mdl 640] White is in trouble.} 23. Qxb3 Rxc2+ {[%mdl 64] Overworked Piece} 24. Qxc2 Rxc2+ 25. Kxc2 Bxb4 {Black converts the advantage convincingly.} 26. a3 Bc5 27. b4 (27. R4d3 $17) 27... Qa4+ $19 28. Kb2 Bxd4+ 29. Rxd4 Qc6 30. Nd2 {[#]} Qb6 $1 {[%cal Rb6d4]} 31. Nb3 Bc6 32. Kc3 Bb5 33. Bg4 Bc4 34. Na5 Bf1 35. Bd1 f6 36. gxf6 (36. exf6 Qc7+ 37. Kb2) 36... gxf6 37. exf6 Qc7+ 38. Kd2 Kf7 39. a4 Kxf6 40. Bc2 Qb6 41. Kc3 e5 42. fxe5+ Kxe5 43. Rd1 (43. Nb3 $142 Qc6+ 44. Kb2) 43... Be2 44. Rd2 Qe3+ {Black mates.} 45. Bd3 Bxd3 46. Rxd3 Qc1+ 47. Kb3 Qb1+ {[%mdl 64] Double Attack} 48. Kc3 d4+ 49. Rxd4 Qc1+ {Weighted Error Value: White=0.57/Black=0.10} ({Weaker is} 49... Qa1+ 50. Kc2 $17) 0-1

[Event "11th A.Margaryan Memorial 2021"]
[Site "Yerevan"]
[Date "2021.01.14"]
[Round "6.4"]
[White "Makaryan, Rudik"]
[Black "Sargsyan, Anna M."]
[Result "1-0"]
[WhiteElo "2461"]
[BlackElo "2402"]
[Annotator "TA"]
[PlyCount "59"]
[EventDate "2021.01.09"]
[EventType "tourn"]
[EventCountry "ARM"]
[SourceTitle "playchess.com"]
[Source "ChessBase"]
[SourceQuality "1"]

{[%evp 19,59,27,2,0,0,0,0,0,12,4,31,29,30,20,28,26,78,85,91,84,78,75,115,104,152,154,177,172,163,163,242,231,331,308,311,300,337,333,510,503,552,554]} 1. d4 d5 2. c4 c6 3. Nf3 Nf6 4. Nc3 dxc4 5. a4 Bf5 6. Ne5 Nbd7 7. Nxc4 Qc7 8. g3 e5 9. dxe5 Nxe5 10. Bf4 Nfd7 {[#]} 11. Qc1 $1 {Strongly threatening Bxe5. D17: Slav Defence: 5 a4 Bf5: Lines with 6 Nh4 and 6 Ne5.} f6 12. Bg2 Be6 13. Nxe5 {The position is equal.} Nxe5 14. a5 a6 15. O-O {[#]} Bb4 $146 ({Predecessor:} 15... Bd6 16. Ne4 O-O 17. Qc3 Rad8 18. Rad1 Rf7 19. Rxd6 Rxd6 20. Bxe5 fxe5 21. Qxe5 Rfd7 {1-0 (46) Svane,R (2549)-Matthiesen,M (2316) Helsingor 2016}) 16. Ne4 Qe7 (16... Bxa5 $6 17. Qc5 $18) 17. Rd1 Bb3 (17... O-O $11 {keeps the balance.}) 18. Rd4 $16 O-O 19. Bd2 Bxd2 20. Qxd2 c5 21. Rd6 Bf7 {[#]} 22. Rd1 $1 ({Don't go for} 22. Nxc5 $2 Nc4 $19) 22... Rac8 23. f4 Nc4 {[#]} 24. Rd7 {[%mdl 512]} Qe6 (24... Qe8 {might work better.} 25. Qc3 b5) 25. Qc3 $18 b5 (25... f5 $142) 26. axb6 $1 Nxb6 27. Rb7 Rb8 {[#]} 28. Rd6 $1 {[%mdl 512]} Nd5 (28... Na4 $142 29. Qa5 (29. Rxe6 Nxc3 30. Ree7 Rxb7 $14) 29... Qe8) 29. Rxb8 Rxb8 {[#]} 30. Rxd5 $1 {[%mdl 512] Weighted Error Value: White=0.00/Black=0.32} 1-0

[Event "11th A.Margaryan Memorial 2021"]
[Site "Yerevan"]
[Date "2021.01.14"]
[Round "6.5"]
[White "Lazavik, Denis"]
[Black "Babujian, Levon"]
[Result "0-1"]
[WhiteElo "2436"]
[BlackElo "2440"]
[Annotator "TA"]
[PlyCount "86"]
[EventDate "2021.01.09"]
[EventType "tourn"]
[EventCountry "ARM"]
[SourceTitle "playchess.com"]
[Source "ChessBase"]
[SourceQuality "1"]

{[%evp 23,86,6,9,0,25,22,25,21,31,25,73,69,56,25,21,8,6,0,33,0,0,0,0,-27,-28,-41,-39,-51,-22,-17,-11,-21,-19,-29,-33,-70,-43,-53,-33,-78,-64,-121,-135,-119,-88,-94,-102,-200,-193,-282,-127,-433,-241,-234,-229,-232,-214,-206,-132,-615,-600,-846,-804,-1497,-1435]} 1. d4 Nf6 2. c4 g6 3. Nc3 d5 4. Bf4 Bg7 5. e3 O-O 6. cxd5 Nxd5 7. Nxd5 Qxd5 8. Bxc7 Na6 9. Bxa6 Qxg2 10. Qf3 Qxf3 11. Nxf3 bxa6 12. Rc1 a5 13. O-O {D84: Grünfeld: 4 Bf4 Bg7 5 e3 0-0 6 cxd5.} a4 14. Rc5 {[#]} f6 $146 ({Predecessor:} 14... Bb7 15. Nd2 f6 16. Rfc1 Rf7 17. Rb5 Ba6 18. Ra5 Be2 19. Rxa4 e5 20. d5 f5 {1-0 (41) Lazavik,D (2424)-Pogosian,M (2391) Minsk 2020}) 15. Rfc1 {White has an edge.} Bg4 16. Nd2 Rfc8 17. R1c4 Bd7 18. Ne4 Bf8 $1 19. d5 a6 20. Ba5 Rab8 21. Bc3 Rxc5 22. Rxc5 Bf5 23. Ng3 Bd3 24. Rc7 f5 25. f3 a3 26. bxa3 Rb5 27. a4 Rxd5 28. e4 fxe4 29. fxe4 Rd8 30. Kf2 Kf7 31. Bb4 h5 32. Ke3 (32. h4 $15) 32... Bb1 $17 33. a3 Bh6+ 34. Kf2 Bg5 35. Ra7 (35. Rc5 $17 {was worth a try.} Bf4 36. Nxh5) 35... Bd3 $19 36. Kf3 (36. Ne2 {was called for.}) 36... Ke6 (36... Rd4 $19 {and Black stays clearly on top.} 37. Bc5 Rc4) 37. Kf2 $2 {[%mdl 8192]} (37. h4 $17 Bxh4 38. Ne2) 37... Rf8+ ({Weaker is} 37... h4 38. Ne2 $17) (37... Rc8 $142 {Hoping for ...h4.} 38. h4 Rc2+ 39. Kf3 Bxh4) 38. Ke1 h4 39. Ne2 {[#]} h3 $1 ({Not} 39... Bxe4 40. Rxa6+ Kf7 41. Ra5 $15) 40. Bc5 Rf7 ({Don't play} 40... Bxe4 41. Rxa6+ Kf7 42. Rb6 $17) 41. Ng3 $2 {[%mdl 8192]} (41. Bf2 $17) 41... Bf4 {Black is clearly winning.} 42. Bf2 Be5 43. Ne2 Bxe2 {Weighted Error Value: White=0.69/Black=0.25} 0-1

[Event "11th A.Margaryan Memorial 2021"]
[Site "Yerevan"]
[Date "2021.01.15"]
[Round "7.1"]
[White "Babujian, Levon"]
[Black "Barseghyan, Armen Ar."]
[Result "1-0"]
[WhiteElo "2440"]
[BlackElo "2362"]
[Annotator "TA"]
[PlyCount "135"]
[EventDate "2021.01.09"]
[EventType "tourn"]
[EventCountry "ARM"]
[SourceTitle "playchess.com"]
[Source "ChessBase"]
[SourceQuality "1"]

{[%evp 23,135,25,33,37,47,0,31,14,6,-10,0,0,0,-33,-36,-37,-46,-30,0,-41,-57,-58,-58,-65,-56,-65,-34,-69,-56,-113,-105,-95,-52,-106,-101,-85,-70,-88,-88,-76,-90,-155,-162,-231,-215,-184,-137,-133,-115,-120,-105,-142,-100,-100,-100,-108,-105,-147,-18,-37,-18,-18,-18,-13,86,95,208,229,304,302,832,806,753,733,1153,1153,1305,328,328,328,328,328,328,328,328,328,328,328,320,268,285,230,283,231,594,586,519,549,985,980,980,980,5306,673,29989,29990,29990,29991,29991,29992,29995,29996,29996,29997]} 1. d4 Nf6 2. Bg5 d5 3. e3 e6 4. Nf3 Be7 5. c4 h6 6. Bh4 O-O 7. Nc3 b6 8. cxd5 exd5 9. Rc1 Bb7 10. Bd3 Nbd7 11. O-O c5 12. Qc2 Rc8 13. Bf5 {D58: Queen's Gambit Declined: Tartakower Defence.} g6 14. Bd3 {[#]} (14. Bxg6 $5 fxg6 15. Qxg6+ {[%mdl 64] Double Attack} Kh8 16. Qxh6+ Nh7 17. Bg3 $11) 14... a6 $146 ({Predecessor:} 14... c4 15. Be2 a6 16. a4 Bc6 17. b3 b5 18. axb5 axb5 19. bxc4 dxc4 20. Rfd1 Nd5 21. Bxe7 Qxe7 {0-1 (37) Jergovic,A-Tomicic,A (2118) Rabac 2004}) 15. dxc5 {White is slightly better.} bxc5 16. Qe2 Qa5 17. Rfd1 Rfe8 18. Bb1 Bf8 {White must now prevent ...d4!} 19. Qd2 {[%cal Rc3d5]} Qb6 20. Bg3 Qe6 21. Qd3 Nb6 22. Ne2 Ne4 23. Bf4 Bg7 24. Qb3 Ba8 25. h4 Nc4 26. Nc3 (26. Bxe4 $15 Qxe4 27. Nc3) 26... Nxc3 $17 27. bxc3 Rc6 28. Re1 ({Better is} 28. h5 $15) 28... Rb6 $36 {[%mdl 2048] Black is really pushing.} 29. Qd1 Bc6 30. h5 g5 31. Bg3 f5 32. Nd2 (32. Qd3 $142) 32... Na3 $1 33. Bd3 (33. Nb3 $142) 33... c4 $1 $19 {[%cal Rc4d3]} 34. Bf1 Nb5 35. Nb1 Bd7 36. f3 Nd6 37. Qd2 Nf7 38. Na3 Bf8 $1 {[%cal Rf8a3]} 39. Nc2 Rb2 40. Qd4 {[#] intending Nb4!} Bg7 (40... Rxa2 41. e4 $17) ({Black should play} 40... Rc8 $1 $17 {...Bc5 is the strong threat.} 41. Qd2 Ba4) 41. Qa7 Bxc3 {Strongly threatening ...Bd2.} 42. Nd4 Bxd4 43. Qxd4 Qb6 (43... Rxa2 $11 44. Rxc4 dxc4 45. Bxc4 {[#]} Ra4 $1 46. Bxe6 Rxd4 47. Bxf7+ Kxf7 48. exd4 f4) 44. Qxd5 $16 Rxe3 (44... Be6 $16 45. Qd4 Rc8) 45. Kh1 Be6 46. Qa8+ Kh7 $2 (46... Kg7) 47. Rxe3 $18 Qxe3 48. Re1 Qb6 49. Qe8 Rb1 {[#]} 50. Bc7 $1 {[%mdl 512]} Qxc7 51. Rxb1 Qg3 52. Rd1 (52. Qxe6 Qh4+ 53. Kg1 Qd4+ 54. Kh2 (54. Kh1 Qh4+ {[%mdl 64] Double Attack} 55. Kg1 Qd4+ 56. Kh2 Qh4+ {[%mdl 64] Double Attack} 57. Kg1 $11) 54... Qh4+ 55. Kg1 Qd4+ 56. Kh2 (56. Kh1 Qh4+ {[%mdl 64] Double Attack} 57. Kg1 $11) 56... Qh4+ 57. Kg1 $11) 52... Qe5 53. Qc6 c3 54. Rc1 (54. Qxa6 $6 Kg7 $18) (54. Bxa6 g4 $18) 54... Bxa2 55. Rxc3 {White threatens Qg6+ and mate.} ({But not} 55. Bxa6 $6 Kg7 $18) 55... Be6 56. Rc1 ({Don't take} 56. Bxa6 Qe1+ 57. Kh2 Kg7 $18) ({Weaker is} 56. Qxa6 Qxc3 57. Qxe6 Kg7 $16) 56... a5 57. Qc5 Qf4 58. Kg1 {Hoping for Re1.} a4 $2 (58... g4 59. fxg4 fxg4) 59. Re1 Bb3 {and the idea ...Qd6 leaves Black hopeful.} 60. Bd3 Kg7 61. Qc3+ Kf8 62. Bb5 {[%csl Gb5][%cal Re1e8]} Kg8 63. Qf6 (63. Re8+ $142 Kh7 64. Qf6) 63... Nd6 64. Qg6+ {White mates.} Kf8 65. Qxh6+ Kg8 66. Qg6+ Kf8 67. Qf6+ Kg8 {[#]} 68. h6 $1 {[%csl Gh6][%cal Rf6g7] What a bad dream for Black.  Weighted Error Value: White=0.33/Black=0.30} 1-0

[Event "11th A.Margaryan Memorial 2021"]
[Site "Yerevan"]
[Date "2021.01.15"]
[Round "7.2"]
[White "Sargsyan, Anna M."]
[Black "Lazavik, Denis"]
[Result "1/2-1/2"]
[WhiteElo "2402"]
[BlackElo "2436"]
[Annotator "TA"]
[PlyCount "46"]
[EventDate "2021.01.09"]
[EventType "tourn"]
[EventCountry "ARM"]
[SourceTitle "playchess.com"]
[Source "ChessBase"]
[SourceQuality "1"]

{[%evp 15,46,19,18,13,18,18,22,18,18,18,22,18,22,0,2,0,0,0,12,-12,0,0,0,0,0,0,0,0,0,0,0,0,0]} 1. d4 d5 2. c4 c6 3. Nf3 Nf6 4. Nc3 dxc4 5. a4 Bf5 6. Ne5 Nbd7 7. Nxc4 Nb6 8. Ne5 a5 {The position is equal.} 9. e3 $1 {[%mdl 4] is more profitable than 9.f3 at the moment. D17: Slav Defence: 5 a4 Bf5: Lines with 6 Nh4 and 6 Ne5.} g6 10. Bd3 Bxd3 11. Nxd3 Bg7 12. O-O O-O {[#]} 13. b3 $146 ({Predecessor:} 13. Qb3 Nfd7 14. Rd1 Qc7 15. Bd2 Nc8 16. Rac1 Qb6 17. Qxb6 Ncxb6 18. b3 f5 19. Ne2 {½-½ (34) Miton,K (2612)-Oleksienko,M (2608) Slovakia 2017}) 13... Nbd5 14. Ne2 {[%cal Bc3e2,Be2g3,Bg3e4,Be4g5][%mdl 32]} Re8 15. Bb2 Qb6 16. Ng3 Rad8 17. Rc1 Nd7 18. Ne4 Qc7 19. Qf3 e5 20. Ng5 Bf6 21. Ne4 Bg7 22. Ng5 Bf6 23. Ne4 Bg7 {Not much happened in this game.  Weighted Error Value: White=0.03/Black=0.02} 1/2-1/2

[Event "11th A.Margaryan Memorial 2021"]
[Site "Yerevan"]
[Date "2021.01.15"]
[Round "7.3"]
[White "Hayrapetyan, Hovik"]
[Black "Makaryan, Rudik"]
[Result "1/2-1/2"]
[WhiteElo "2488"]
[BlackElo "2461"]
[Annotator "TA"]
[PlyCount "37"]
[EventDate "2021.01.09"]
[EventType "tourn"]
[EventCountry "ARM"]
[SourceTitle "playchess.com"]
[Source "ChessBase"]
[SourceQuality "1"]

{[%evp 13,14,9,22]} 1. Nf3 Nf6 2. c4 e6 3. b3 b6 4. g3 Bb7 5. Bg2 Be7 6. Bb2 O-O 7. O-O c5 {[#]} {Predecessor:} 8. Nc3 $146 {A30: Symmetrical English: Double Fianchetto and Hedgehog.} d6 9. e3 Nbd7 10. Qe2 a6 11. d4 Ne4 12. Rfd1 Nxc3 13. Bxc3 Nf6 14. Bb2 Qc7 15. Rac1 Be4 16. d5 exd5 17. cxd5 Qb7 18. Nh4 Bxg2 19. Kxg2 {0-1 (38) Dubov,D (2699)-Vachier Lagrave,M (2778) chess.com INT 2020} 1/2-1/2

[Event "11th A.Margaryan Memorial 2021"]
[Site "Yerevan"]
[Date "2021.01.15"]
[Round "7.4"]
[White "Daneshvar, Bardiya"]
[Black "Lobanov, Sergei"]
[Result "0-1"]
[WhiteElo "2399"]
[BlackElo "2510"]
[Annotator "TA"]
[PlyCount "56"]
[EventDate "2021.01.09"]
[EventType "tourn"]
[EventCountry "ARM"]
[SourceTitle "playchess.com"]
[Source "ChessBase"]
[SourceQuality "1"]

{[%evp 16,56,31,38,45,46,45,62,32,49,50,31,22,42,30,33,41,29,27,30,20,34,41,28,112,121,68,60,66,71,69,63,62,-229,-218,-216,-220,-233,-223,-331,-305,-320,-208]} 1. d4 Nf6 2. c4 g6 3. Nc3 d5 4. Bf4 Bg7 5. e3 O-O 6. cxd5 Nxd5 7. Nxd5 Qxd5 8. Bxc7 Nc6 {[%cal Bb8c6,Bc6d4,Bd4c2][%mdl 32]} 9. Ne2 $1 Bf5 {Threatens to win with ...Qd7. D84: Grünfeld: 4 Bf4 Bg7 5 e3 0-0 6 cxd5.} 10. Nc3 $1 {[%cal Rc3d5]} Qd7 11. Bg3 {[#]} Bxd4 $146 {White is slightly better.} ({Predecessor:} 11... g5 12. Bd3 Rad8 13. O-O Bxd3 14. Qxd3 h5 15. h3 e5 16. d5 f5 17. Qe2 Nb4 18. Qxh5 {1-0 (34) Batchuluun,T (2530)-Potkin,V (2583) Moscow 2019}) 12. exd4 Nxd4 {aiming for ...Nc2+.} 13. Rc1 Qe6+ 14. Be2 Rfd8 15. O-O {Black must now prevent Bf3.} Nc2 $1 {[#]} 16. Qxc2 Bxc2 17. Rxc2 Qf5 18. Rcc1 Rd2 19. Bf3 Rxb2 (19... Rd7 $11 {keeps the balance.}) 20. Nd5 $16 Kf8 21. Rfe1 {[%mdl 1024] And now Bf4 would win. White has compensation.} Rc8 {Hoping for ...Rxc1.} 22. Rcd1 Rd8 ({Don't go for} 22... Rxa2 $2 23. Nxe7 Qc5 24. Nxc8 $18) 23. Bf4 $36 {[%mdl 2048] White threatens Bh6+ and mate. White has good play.} g5 {[#]} 24. Be4 $2 {[%mdl 8192] [#] Now White is beyond hope.} Qxe4 $3 $19 {[%mdl 512]} 25. Rxe4 {[#]} Rxd5 {[%mdl 512]} 26. Rc1 gxf4 27. g3 (27. a4 $142) 27... fxg3 ({Resist} 27... Rxa2 28. Rxf4 Rb2 29. Rc8+ Kg7 30. Rg4+ Kf6 31. Rf4+ Rf5 32. Rxf5+ Kxf5 33. Kg2 $19) 28. hxg3 e6 {Weighted Error Value: White=0.34/Black=0.08} ({Don't take} 28... Rxa2 29. Rc8+ Kg7 30. Rxe7 $19) 0-1

[Event "11th A.Margaryan Memorial 2021"]
[Site "Yerevan"]
[Date "2021.01.15"]
[Round "7.5"]
[White "Mikaelyan, Arman"]
[Black "Gharibyan, Mamikon"]
[Result "1-0"]
[WhiteElo "2485"]
[BlackElo "2432"]
[Annotator "TA"]
[PlyCount "93"]
[EventDate "2021.01.09"]
[EventType "tourn"]
[EventCountry "ARM"]
[SourceTitle "playchess.com"]
[Source "ChessBase"]
[SourceQuality "1"]

{[%evp 9,93,6,34,36,41,30,59,60,63,54,80,85,100,66,57,65,60,64,69,57,77,28,41,20,36,34,37,38,42,31,35,33,35,45,33,36,44,0,8,17,34,34,35,26,15,25,110,2,2,2,2,2,5,0,0,0,0,0,0,0,0,0,0,0,0,0,0,0,0,0,0,0,1689,1472,5122,5114,29966,29966,29969,29974,29970,29971,29978,29979,29972,10196]} 1. d4 Nf6 2. c4 e6 3. Nf3 d5 4. Nc3 Bb4 5. Qb3 a5 6. Bg5 {D38: Queen's Gambit Declined: Ragozin Defence (4 Nf3 Bb4).} c5 {[#]} 7. a3 $146 ({Predecessor:} 7. dxc5 Na6 8. a3 Nxc5 9. Qc2 Bxc3+ 10. Qxc3 Nce4 11. Bxf6 Qxf6 12. Qxf6 Nxf6 13. cxd5 Nxd5 {½-½ (31) Wang,H (2726)-Carlsen,M (2876) Douglas 2019}) 7... Bxc3+ 8. Qxc3 {White is slightly better.} cxd4 9. Qxd4 Nc6 10. Qh4 a4 11. Bxf6 Qxf6 12. Qxf6 gxf6 13. cxd5 exd5 14. e3 Bf5 15. Kd2 Rg8 16. Nh4 Be4 17. f3 Bg6 18. Rc1 Kd7 19. Rc5 Ra5 20. Rb5 Rxb5 21. Bxb5 Ra8 22. Rc1 Kd6 23. Nxg6 hxg6 $14 {[%mdl 4096] Endgame KRB-KRN} 24. h4 Na5 {[#] And now ...Nb3+ would win.} 25. Ke2 Nb3 26. Rd1 {next Bc4 is good for White.} Kc5 {[%cal Rc5b5]} 27. Bd3 b5 (27... Rh8 $11) 28. g4 (28. Bc2 $16) 28... Na5 $11 29. h5 {With the idea h6.} Nc4 30. Bxc4 ({Don't play} 30. hxg6 fxg6 31. Bxc4 (31. Bxg6 Rh8 $17) 31... bxc4 $17) 30... bxc4 {KR-KR} 31. Kd2 Rb8 32. Rb1 f5 33. h6 fxg4 34. fxg4 g5 35. h7 Rh8 36. Rh1 {[#] Hoping for Kc3.} Kd6 37. Kc3 {aiming for Kd4.} Ke5 38. Rh5 Ke4 39. Kd2 f6 40. Ke2 f5 $2 {[%mdl 8192]} (40... Ke5 $11) 41. gxf5 $18 Kxf5 42. Kf3 Kf6 43. Kg4 {White mates.} Ke5 44. Kxg5 Ke4 45. Kg6 Kxe3 46. Rxd5 Rb8 47. Rd7 {Weighted Error Value: White=0.10/Black=0.27} 1-0